[Event "DVM U10 2023"]
[Site "Magdeburg GER"]
[Date "2023.12.28"]
[Round "5"]
[White "Lola, Georgia-Maria"]
[Black "Fabritius, Wolf"]
[Result "0-1"]
[Termination "normal"]
[Board "4.1"]
[WhiteElo "1243"]
[BlackElo "1043"]
[WhiteClock "00:08:45"]
[BlackClock "00:16:37"]
[WhiteTeam "MSA Zugzwang 82"]
[BlackTeam "SF Heidelberg"]
[PlyCount "58"]
[WhiteFideId "34629335"]
[BlackFideId "34632603"]
[EventCountry "GER"]
[EventRounds "7"]
[EventType "team-swiss"]
[EventDate "2023.12.27"]

1. e4 {[%clk 00:55:07]} {[%emt 00:00:02]} e6 {[%clk 00:55:07]} {[%emt
00:00:04]} 2. d4 {[%clk 00:55:06]} {[%emt 00:00:06]} d5 {[%clk 00:55:04]}
{[%emt 00:00:08]} 3. exd5 {[%clk 00:55:06]} {[%emt 00:00:05]} exd5 {[%clk
00:54:53]} {[%emt 00:00:16]} 4. Nf3 {[%clk 00:55:05]} {[%emt 00:00:06]} Nf6
{[%clk 00:54:47]} {[%emt 00:00:11]} 5. Bd3 {[%clk 00:55:01]} {[%emt 00:00:08]}
Be7 {[%clk 00:54:39]} {[%emt 00:00:14]} 6. O-O {[%clk 00:54:16]} {[%emt
00:00:50]} O-O {[%clk 00:54:40]} {[%emt 00:00:04]} 7. Nc3 {[%clk 00:54:02]}
{[%emt 00:00:19]} Be6 {[%clk 00:53:51]} {[%emt 00:00:54]} 8. Re1 {[%clk
00:52:18]} {[%emt 00:01:48]} Nc6 {[%clk 00:53:02]} {[%emt 00:00:54]} 9. Bf4
{[%clk 00:48:25]} {[%emt 00:03:54]} Rc8 {[%clk 00:52:41]} {[%emt 00:00:31]} 10.
Ne5 {[%clk 00:46:08]} {[%emt 00:02:21]} Re8 {[%clk 00:49:54]} {[%emt 00:02:53]}
11. Nxc6 {[%clk 00:45:33]} {[%emt 00:00:39]} bxc6 {[%clk 00:49:21]} {[%emt
00:00:38]} 12. Qd2 {[%clk 00:38:13]} {[%emt 00:07:23]} c5 {[%clk 00:47:45]}
{[%emt 00:01:44]} 13. Bb5 {[%clk 00:36:13]} {[%emt 00:02:01]} Nd7 {[%clk
00:43:45]} {[%emt 00:04:09]} 14. dxc5 {[%clk 00:35:32]} {[%emt 00:00:46]} Bxc5
{[%clk 00:43:01]} {[%emt 00:00:49]} 15. Na4 {[%clk 00:29:19]} {[%emt 00:06:15]}
Bb6 {[%clk 00:41:06]} {[%emt 00:02:03]} 16. Nxb6 {[%clk 00:29:01]} {[%emt
00:00:23]} axb6 {[%clk 00:40:42]} {[%emt 00:00:29]} 17. Re2 {[%clk 00:25:15]}
{[%emt 00:03:49]} Qf6 {[%clk 00:37:30]} {[%emt 00:03:19]} 18. c3 {[%clk
00:21:59]} {[%emt 00:03:20]} Qg6 {[%clk 00:33:07]} {[%emt 00:04:29]} 19. Rae1
{[%clk 00:20:42]} {[%emt 00:01:19]} Rf8 {[%clk 00:28:04]} {[%emt 00:05:10]} 20.
Bxd7 {[%clk 00:17:52]} {[%emt 00:02:55]} Bxd7 {[%clk 00:27:39]} {[%emt
00:00:30]} 21. Qxd5 {[%clk 00:17:27]} {[%emt 00:00:31]} Be6 {[%clk 00:23:18]}
{[%emt 00:04:26]} 22. Qe5 {[%clk 00:13:02]} {[%emt 00:04:20]} Bxa2 {[%clk
00:22:30]} {[%emt 00:01:03]} 23. Qe8 {[%clk 00:12:35]} {[%emt 00:00:30]} Rcxe8
{[%clk 00:21:36]} {[%emt 00:01:01]} 24. Rxe8 {[%clk 00:12:24]} {[%emt
00:00:16]} f6 {[%clk 00:20:50]} {[%emt 00:00:50]} 25. R8e7 {[%clk 00:11:19]}
{[%emt 00:01:07]} Bd5 {[%clk 00:19:49]} {[%emt 00:01:10]} 26. f3 {[%clk
00:10:13]} {[%emt 00:01:10]} Bxf3 {[%clk 00:19:37]} {[%emt 00:00:16]} 27. Bg3
{[%clk 00:09:47]} {[%emt 00:00:31]} Bd5 {[%clk 00:18:05]} {[%emt 00:01:39]} 28.
Rxc7 {[%clk 00:09:16]} {[%emt 00:00:36]} Qc2 {[%clk 00:16:42]} {[%emt
00:01:28]} 29. Ree7 {[%clk 00:08:45]} {[%emt 00:00:33]} Qxg2# {[%clk 00:16:37]}
{[%emt 00:00:12]} 0-1

[Event "DVM U10 2023"]
[Site "Magdeburg GER"]
[Date "2023.12.28"]
[Round "5"]
[White "Nida-Rümelin, Noel"]
[Black "Vlad, Mark"]
[Result "1/2-1/2"]
[Termination "normal"]
[Board "4.3"]
[WhiteElo "796"]
[BlackElo "1015"]
[WhiteClock "00:27:47"]
[BlackClock "00:33:23"]
[WhiteTeam "MSA Zugzwang 82"]
[BlackTeam "SF Heidelberg"]
[PlyCount "110"]
[BlackFideId "34663258"]
[EventCountry "GER"]
[EventRounds "7"]
[EventType "team-swiss"]
[EventDate "2023.12.27"]

1. e4 {[%clk 00:55:06]} {[%emt 00:00:05]} e5 {[%clk 00:55:06]} {[%emt
00:00:05]} 2. Nf3 {[%clk 00:54:59]} {[%emt 00:00:11]} Nc6 {[%clk 00:55:08]}
{[%emt 00:00:03]} 3. Bc4 {[%clk 00:54:50]} {[%emt 00:00:14]} Bc5 {[%clk
00:55:07]} {[%emt 00:00:06]} 4. Nc3 {[%clk 00:54:34]} {[%emt 00:00:21]} Nf6
{[%clk 00:55:05]} {[%emt 00:00:07]} 5. O-O {[%clk 00:54:14]} {[%emt 00:00:25]}
O-O {[%clk 00:55:02]} {[%emt 00:00:07]} 6. d3 {[%clk 00:54:06]} {[%emt
00:00:14]} h6 {[%clk 00:54:59]} {[%emt 00:00:08]} 7. a3 {[%clk 00:53:52]}
{[%emt 00:00:20]} d6 {[%clk 00:54:58]} {[%emt 00:00:06]} 8. h3 {[%clk
00:53:47]} {[%emt 00:00:10]} Be6 {[%clk 00:54:57]} {[%emt 00:00:05]} 9. Bxe6
{[%clk 00:53:11]} {[%emt 00:00:41]} fxe6 {[%clk 00:54:56]} {[%emt 00:00:06]}
10. b4 {[%clk 00:52:56]} {[%emt 00:00:19]} Bd4 {[%clk 00:54:49]} {[%emt
00:00:13]} 11. Nxd4 {[%clk 00:52:51]} {[%emt 00:00:10]} Nxd4 {[%clk 00:54:36]}
{[%emt 00:00:18]} 12. f4 {[%clk 00:52:15]} {[%emt 00:00:40]} exf4 {[%clk
00:54:19]} {[%emt 00:00:23]} 13. Bxf4 {[%clk 00:51:51]} {[%emt 00:00:29]} e5
{[%clk 00:54:04]} {[%emt 00:00:20]} 14. Be3 {[%clk 00:51:39]} {[%emt 00:00:17]}
Qe8 {[%clk 00:53:41]} {[%emt 00:00:27]} 15. Ne2 {[%clk 00:51:08]} {[%emt
00:00:37]} Nxe2+ {[%clk 00:53:28]} {[%emt 00:00:16]} 16. Qxe2 {[%clk 00:51:01]}
{[%emt 00:00:14]} Qg6 {[%clk 00:53:23]} {[%emt 00:00:09]} 17. Rf3 {[%clk
00:50:07]} {[%emt 00:00:59]} Rf7 {[%clk 00:52:37]} {[%emt 00:00:52]} 18. Raf1
{[%clk 00:49:28]} {[%emt 00:00:44]} Raf8 {[%clk 00:52:03]} {[%emt 00:00:39]}
19. c3 {[%clk 00:48:00]} {[%emt 00:01:33]} Nh5 {[%clk 00:51:40]} {[%emt
00:00:27]} 20. Rxf7 {[%clk 00:47:45]} {[%emt 00:00:21]} Rxf7 {[%clk 00:51:31]}
{[%emt 00:00:13]} 21. Rxf7 {[%clk 00:47:09]} {[%emt 00:00:42]} Qxf7 {[%clk
00:51:13]} {[%emt 00:00:22]} 22. Qf3 {[%clk 00:46:44]} {[%emt 00:00:30]} Qxf3
{[%clk 00:50:55]} {[%emt 00:00:24]} 23. gxf3 {[%clk 00:46:40]} {[%emt
00:00:08]} Nf4 {[%clk 00:50:49]} {[%emt 00:00:12]} 24. Bxf4 {[%clk 00:46:38]}
{[%emt 00:00:07]} exf4 {[%clk 00:50:49]} {[%emt 00:00:05]} 25. d4 {[%clk
00:46:03]} {[%emt 00:00:40]} Kf7 {[%clk 00:50:33]} {[%emt 00:00:21]} 26. a4
{[%clk 00:45:12]} {[%emt 00:00:56]} Ke6 {[%clk 00:50:21]} {[%emt 00:00:16]} 27.
Kf2 {[%clk 00:44:54]} {[%emt 00:00:24]} d5 {[%clk 00:50:02]} {[%emt 00:00:24]}
28. Ke2 {[%clk 00:44:00]} {[%emt 00:00:59]} dxe4 {[%clk 00:49:21]} {[%emt
00:00:46]} 29. fxe4 {[%clk 00:43:56]} {[%emt 00:00:10]} g5 {[%clk 00:49:02]}
{[%emt 00:00:24]} 30. Kf3 {[%clk 00:43:32]} {[%emt 00:00:29]} Kf6 {[%clk
00:47:22]} {[%emt 00:01:44]} 31. Kg4 {[%clk 00:42:09]} {[%emt 00:01:27]} Ke6
{[%clk 00:42:25]} {[%emt 00:05:03]} 32. c4 {[%clk 00:41:41]} {[%emt 00:00:33]}
b6 {[%clk 00:42:04]} {[%emt 00:00:27]} 33. h4 {[%clk 00:40:17]} {[%emt
00:01:28]} a6 {[%clk 00:41:41]} {[%emt 00:00:28]} 34. c5 {[%clk 00:38:37]}
{[%emt 00:01:44]} b5 {[%clk 00:41:12]} {[%emt 00:00:35]} 35. axb5 {[%clk
00:37:30]} {[%emt 00:01:12]} axb5 {[%clk 00:41:00]} {[%emt 00:00:17]} 36. Kf3
{[%clk 00:37:19]} {[%emt 00:00:16]} c6 {[%clk 00:40:38]} {[%emt 00:00:27]} 37.
hxg5 {[%emt 00:01:23]} hxg5 {[%clk 00:40:27]} {[%emt 00:00:12]} 38. Kg4 {[%clk
00:36:05]} {[%emt 00:00:04]} Ke7 {[%clk 00:40:14]} {[%emt 00:00:19]} 39. d5
{[%clk 00:35:53]} {[%emt 00:00:17]} Kd7 {[%clk 00:39:57]} {[%emt 00:00:22]} 40.
Kf3 {[%clk 00:35:11]} {[%emt 00:00:47]} cxd5 {[%clk 00:39:10]} {[%emt
00:00:52]} 41. exd5 {[%clk 00:34:54]} {[%emt 00:00:22]} Kd8 {[%clk 00:39:01]}
{[%emt 00:00:14]} 42. Kg4 {[%clk 00:31:57]} {[%emt 00:03:13]} Kc7 {[%clk
00:38:36]} {[%emt 00:00:30]} 43. Kf3 {[%clk 00:31:05]} {[%emt 00:00:57]} Kd7
{[%clk 00:38:26]} {[%emt 00:00:14]} 44. Ke4 {[%clk 00:29:58]} {[%emt 00:01:12]}
Kc7 {[%clk 00:37:59]} {[%emt 00:00:33]} 45. Kf3 {[%clk 00:29:45]} {[%emt
00:00:17]} Kd7 {[%clk 00:38:01]} {[%emt 00:00:04]} 46. Ke4 {[%clk 00:29:38]}
{[%emt 00:00:12]} Ke7 {[%clk 00:38:03]} {[%emt 00:00:03]} 47. Kf3 {[%clk
00:28:56]} {[%emt 00:00:46]} Kf6 {[%clk 00:37:19]} {[%emt 00:00:50]} 48. c6
{[%clk 00:28:39]} {[%emt 00:00:22]} Ke7 {[%clk 00:37:12]} {[%emt 00:00:11]} 49.
c7 {[%clk 00:28:29]} {[%emt 00:00:15]} Kd7 {[%clk 00:37:09]} {[%emt 00:00:08]}
50. d6 {[%clk 00:28:28]} {[%emt 00:00:06]} Kc8 {[%clk 00:36:51]} {[%emt
00:00:23]} 51. Ke4 {[%emt 00:00:22]} Kd7 {[%clk 00:36:30]} {[%emt 00:00:24]}
52. Kf3 {[%clk 00:28:09]} {[%emt 00:00:10]} Kc8 {[%clk 00:35:04]} {[%emt
00:01:31]} 53. Ke4 {[%clk 00:27:59]} {[%emt 00:00:14]} Kd7 {[%clk 00:34:09]}
{[%emt 00:01:01]} 54. Kf3 {[%clk 00:27:51]} {[%emt 00:00:13]} Kc8 {[%clk
00:33:33]} {[%emt 00:00:41]} 55. Ke4 {[%clk 00:27:47]} {[%emt 00:00:09]} Kd7
{[%clk 00:33:23]} {[%emt 00:00:15]} 1/2-1/2

[Event "DVM U10 2023"]
[Site "Magdeburg GER"]
[Date "2023.12.28"]
[Round "5"]
[White "Müller, Theo"]
[Black "Benischke, Moritz"]
[Result "1-0"]
[Termination "normal"]
[Board "4.4"]
[WhiteElo "1019"]
[BlackElo "873"]
[WhiteClock "00:10:55"]
[BlackClock "00:09:45"]
[WhiteTeam "SF Heidelberg"]
[BlackTeam "MSA Zugzwang 82"]
[PlyCount "129"]
[BlackFideId "34697330"]
[EventCountry "GER"]
[EventRounds "7"]
[EventType "team-swiss"]
[EventDate "2023.12.27"]

1. e4 {[%clk 00:55:08]} {[%emt 00:00:02]} e5 {[%clk 00:55:08]} {[%emt
00:00:02]} 2. Nf3 {[%clk 00:55:07]} {[%emt 00:00:06]} Nf6 {[%clk 00:54:26]}
{[%emt 00:00:47]} 3. d3 {[%clk 00:54:36]} {[%emt 00:00:36]} Bc5 {[%clk
00:54:02]} {[%emt 00:00:28]} 4. h3 {[%clk 00:53:41]} {[%emt 00:01:02]} d6
{[%clk 00:53:41]} {[%emt 00:00:25]} 5. Be2 {[%clk 00:53:04]} {[%emt 00:00:41]}
O-O {[%clk 00:53:13]} {[%emt 00:00:34]} 6. Bg5 {[%clk 00:52:32]} {[%emt
00:00:36]} Be6 {[%clk 00:52:27]} {[%emt 00:00:51]} 7. O-O {[%clk 00:51:49]}
{[%emt 00:00:48]} Nc6 {[%clk 00:51:56]} {[%emt 00:00:36]} 8. a3 {[%clk
00:51:06]} {[%emt 00:00:50]} h6 {[%clk 00:51:00]} {[%emt 00:01:00]} 9. Bh4
{[%clk 00:50:53]} {[%emt 00:00:17]} g5 {[%clk 00:49:38]} {[%emt 00:01:27]} 10.
Bg3 {[%clk 00:49:57]} {[%emt 00:01:02]} g4 {[%clk 00:48:54]} {[%emt 00:00:49]}
11. hxg4 {[%clk 00:48:28]} {[%emt 00:01:33]} Nxg4 {[%clk 00:48:16]} {[%emt
00:00:43]} 12. Bh4 {[%clk 00:47:37]} {[%emt 00:00:56]} f6 {[%clk 00:47:32]}
{[%emt 00:00:50]} 13. Nd4 {[%clk 00:43:40]} {[%emt 00:04:02]} Nxd4 {[%clk
00:46:44]} {[%emt 00:00:52]} 14. Bxg4 {[%clk 00:42:40]} {[%emt 00:01:05]} Qd7
{[%clk 00:46:06]} {[%emt 00:00:41]} 15. Bxe6+ {[%clk 00:41:24]} {[%emt
00:01:24]} Qxe6 {[%clk 00:45:50]} {[%emt 00:00:21]} 16. c3 {[%clk 00:40:23]}
{[%emt 00:01:05]} Nc6 {[%clk 00:45:08]} {[%emt 00:00:47]} 17. b4 {[%clk
00:39:08]} {[%emt 00:01:19]} Bb6 {[%clk 00:44:15]} {[%emt 00:01:01]} 18. Qh5
{[%clk 00:38:43]} {[%emt 00:00:29]} Rf7 {[%clk 00:43:23]} {[%emt 00:00:57]} 19.
Qg6+ {[%clk 00:36:51]} {[%emt 00:01:57]} Kf8 {[%clk 00:42:45]} {[%emt
00:00:38]} 20. Qxh6+ {[%clk 00:35:59]} {[%emt 00:01:01]} Ke7 {[%clk 00:42:21]}
{[%emt 00:00:30]} 21. Qg6 {[%clk 00:33:59]} {[%emt 00:02:04]} Rff8 {[%clk
00:41:26]} {[%emt 00:00:57]} 22. Qf5 {[%clk 00:33:39]} {[%emt 00:00:28]} Qf7
{[%clk 00:40:58]} {[%emt 00:00:32]} 23. g3 {[%clk 00:32:18]} {[%emt 00:01:28]}
Rh8 {[%clk 00:40:29]} {[%emt 00:00:33]} 24. Qg4 {[%clk 00:31:45]} {[%emt
00:00:38]} Rag8 {[%clk 00:40:05]} {[%emt 00:00:29]} 25. Qh3 {[%clk 00:31:06]}
{[%emt 00:00:44]} Rh7 {[%clk 00:39:07]} {[%emt 00:01:02]} 26. Nd2 {[%clk
00:29:20]} {[%emt 00:01:54]} Qg7 {[%clk 00:37:15]} {[%emt 00:01:56]} 27. Nf3
{[%clk 00:27:19]} {[%emt 00:02:07]} Qg4 {[%clk 00:36:12]} {[%emt 00:01:07]} 28.
Qxg4 {[%clk 00:26:27]} {[%emt 00:00:57]} Rxg4 {[%clk 00:35:55]} {[%emt
00:00:22]} 29. Kg2 {[%clk 00:26:14]} {[%emt 00:00:18]} Rhg7 {[%clk 00:35:00]}
{[%emt 00:00:57]} 30. Nxe5 {[%clk 00:24:13]} {[%emt 00:02:09]} Nxe5 {[%clk
00:34:25]} {[%emt 00:00:38]} 31. Kh3 {[%clk 00:23:28]} {[%emt 00:00:51]} Nxd3
{[%clk 00:33:49]} {[%emt 00:00:40]} 32. f3 {[%clk 00:23:09]} {[%emt 00:00:26]}
Nf4+ {[%clk 00:31:52]} {[%emt 00:02:03]} 33. gxf4 {[%clk 00:22:11]} {[%emt
00:01:02]} R4g6 {[%clk 00:30:42]} {[%emt 00:01:12]} 34. e5 {[%clk 00:21:04]}
{[%emt 00:01:15]} Rg1 {[%clk 00:30:12]} {[%emt 00:00:35]} 35. Bxf6+ {[%clk
00:20:00]} {[%emt 00:01:04]} Ke6 {[%clk 00:30:09]} {[%emt 00:00:12]} 36. Bxg7
{[%clk 00:19:49]} {[%emt 00:00:15]} Rxg7 {[%clk 00:29:52]} {[%emt 00:00:23]}
37. exd6 {[%clk 00:19:33]} {[%emt 00:00:22]} cxd6 {[%clk 00:29:20]} {[%emt
00:00:37]} 38. Rfe1+ {[%clk 00:19:13]} {[%emt 00:00:26]} Kd7 {[%emt 00:00:30]}
39. Kh4 {[%emt 00:00:43]} Bd8+ {[%clk 00:27:30]} {[%emt 00:00:42]} 40. Kh3
{[%clk 00:18:55]} {[%emt 00:00:22]} Bc7 {[%clk 00:26:02]} {[%emt 00:01:33]} 41.
Rg1 {[%clk 00:18:13]} {[%emt 00:00:47]} Rh7+ {[%clk 00:25:55]} {[%emt
00:00:11]} 42. Kg2 {[%clk 00:17:56]} {[%emt 00:00:22]} Rg7+ {[%clk 00:25:09]}
{[%emt 00:00:52]} 43. Kf1 {[%clk 00:17:38]} {[%emt 00:00:23]} Rf7 {[%clk
00:24:58]} {[%emt 00:00:16]} 44. Rg4 {[%clk 00:17:10]} {[%emt 00:00:33]} d5
{[%clk 00:23:51]} {[%emt 00:01:12]} 45. Rd1 {[%clk 00:16:40]} {[%emt 00:00:36]}
Kc6 {[%clk 00:21:32]} {[%emt 00:02:23]} 46. a4 {[%clk 00:15:10]} {[%emt
00:01:35]} Rh7 {[%clk 00:20:27]} {[%emt 00:01:10]} 47. b5+ {[%clk 00:14:49]}
{[%emt 00:00:27]} Kc5 {[%clk 00:20:12]} {[%emt 00:00:19]} 48. Kf2 {[%clk
00:14:34]} {[%emt 00:00:19]} Bb6 {[%clk 00:19:02]} {[%emt 00:01:16]} 49. Kg3
{[%clk 00:14:06]} {[%emt 00:00:33]} Kc4 {[%clk 00:18:15]} {[%emt 00:00:51]} 50.
f5+ {[%clk 00:13:40]} {[%emt 00:00:32]} Bd4 {[%clk 00:17:12]} {[%emt 00:02:48]}
51. Rgxd4+ {[%clk 00:15:13]} {[%emt 00:00:32]} Kxc3 {[%clk 00:16:47]} {[%emt
00:00:27]} 52. R1d3+ {[%clk 00:14:34]} {[%emt 00:00:48]} Kc2 {[%clk 00:15:57]}
{[%emt 00:01:47]} 53. Rxd5 {[%clk 00:16:20]} {[%emt 00:00:18]} Rg7+ {[%clk
00:15:19]} {[%emt 00:00:42]} 54. Kf4 {[%clk 00:15:58]} {[%emt 00:00:28]} Rh7
{[%clk 00:14:52]} {[%emt 00:00:31]} 55. R3d4 {[%clk 00:15:07]} {[%emt
00:00:57]} Kc3 {[%clk 00:14:33]} {[%emt 00:00:24]} 56. Ke3 {[%clk 00:14:28]}
{[%emt 00:00:44]} Re7 {[%clk 00:14:01]} {[%emt 00:00:36]} 57. Re4 {[%clk
00:13:58]} {[%emt 00:00:36]} Rxe4 {[%clk 00:13:10]} {[%emt 00:00:56]} 58. fxe4
{[%clk 00:13:37]} {[%emt 00:00:26]} Kb4 {[%clk 00:12:41]} {[%emt 00:00:34]} 59.
f6 {[%clk 00:13:10]} {[%emt 00:00:32]} Kxa4 {[%clk 00:12:28]} {[%emt 00:00:18]}
60. f7 {[%clk 00:13:05]} {[%emt 00:00:09]} a5 {[%clk 00:11:53]} {[%emt
00:00:40]} 61. f8=Q {[%clk 00:12:54]} {[%emt 00:00:16]} Kb3 {[%clk 00:11:00]}
{[%emt 00:00:58]} 62. Rd3+ {[%clk 00:12:02]} {[%emt 00:00:58]} Kc4 {[%clk
00:10:40]} {[%emt 00:00:24]} 63. Qc8+ {[%clk 00:11:38]} {[%emt 00:00:29]} Kxb5
{[%clk 00:10:02]} {[%emt 00:00:42]} 64. Rb3+ {[%clk 00:11:21]} {[%emt
00:00:23]} Ka4 {[%clk 00:09:45]} {[%emt 00:00:22]} 65. Qc4# {[%clk 00:10:55]}
{[%emt 00:00:31]} 1-0